00845cam a2200169 i 4500020001800000020001500018041001200033082001700045245005300062260004200115300002000157490005800177520037800235650001200613700002700625700002300652 a9780190862985 a019086298X aENGLISH a320.954bCHR00aThe Islamic connections :South Asia and the Gulf aNew DelhibPenguin Random Housec2017 axv, 304 pages ;1 aComparative politics and international studies series a"Connections of trade, family, learning and faith have existed between South Asia and the Gulf for hundreds of years. This book focuses on their workings in the modern period with especial emphasis on Islam. It demonstrates the significant and complex interactions which take place across the region, some of which are of strategic potential."--review on page [4] of cover. 0aMuslims1 aJaffrelot, Christophe,1 aLouèˆr, Laurence,